Biggest Cities in the Portuguese Empire on a Map - Statistics

General Stats
  • This quiz has been taken 584 times
    422 since last reset
  • The average score is 27 of 73
Answers on the Map
Answers color-coded by a green-red scale on the quiz's map according to % correct below.
 
Answer Stats
Population City % Correct
2,475,000 Lisbon
98%
1,550,000 Porto
93%
13,300,000 Rio de Janeiro
93%
22,700,000 São Paulo
92%
682,000 Macau
87%
8,700,000 Luanda
86%
4,100,000 Brasília
85%
26,100,000 Mumbai
85%
4,850,000 Colombo
82%
2,275,000 Manaus
76%
2,400,000 Maputo
76%
1,400,000 Muscat
76%
5,100,000 Belo Horizonte
73%
400,000 Bissau
70%
3,650,000 Salvador
70%
3,875,000 Recife
69%
3,750,000 Fortaleza
65%
4,175,000 Porto Alegre
64%
2,250,000 Belém
63%
1,280,000 Mombasa
59%
1,870,000 Montevideo
56%
3,500,000 Curitiba
54%
414,000 Braga
48%
550,000 Cabinda
46%
1,440,000 Natal
46%
1,460,000 São Luís
44%
2,500,000 Goiânia
40%
3,275,000 Campinas
39%
1,030,000 Florianópolis
35%
597,000 Malacca
32%
1,320,000 Benguela
31%
1,620,000 Kochi
31%
1,150,000 João Pessoa
30%
1,770,000 Santos
30%
1,900,000 Vitória
30%
1,130,000 Maceió
28%
592,000 Beira
27%
1,050,000 Teresina
27%
883,000 Campo Grande
24%
740,000 Huambo
23%
500,000 Porto Velho
23%
882,000 Cuiabá
22%
601,000 Macapá
22%
665,000 Nampula
21%
672,000 Uberlândia
21%
1,010,000 Aracaju
20%
1,030,000 Kozhikode
18%
670,000 Lubango
18%
606,000 Joinville
17%
721,000 Londrina
17%
1,040,000 São José dos Campos
15%
487,000 Campos dos Goytacazes
14%
434,000 Campina Grande
13%
860,000 Ribeirão Preto
13%
560,000 Caxias do Sul
12%
564,000 Feira de Santana
12%
583,000 Juiz de Fora
12%
436,000 Petrolina
12%
473,000 Blumenau
11%
455,000 Malanje
11%
625,000 Maringá
11%
865,000 Sorocaba
11%
621,000 São Leopoldo
10%
773,000 Jundiaí
9%
478,000 Volta Redonda
9%
490,000 Americana
8%
544,000 Ipatinga
8%
585,000 Itajaí
8%
462,000 Macaé
8%
579,000 São José do Rio Preto
8%
414,000 Juazeiro do Norte
7%
452,000 Piracicaba
7%
515,000 Taubaté
7%
No matching quizzes found
Score Distribution
Percent of People with Each Score
Percentile by Number Answered
Your Score History
You have not taken this quiz since the last reset